000 00693nam a22002417a 4500
003 UA-OsUOA
001 30164
007 ta
008 20041105b un ||||| |||| 00| 0 ukr d
100 _aНазаревский О.Р.
090 _a913(574)
_bН19
942 _cBK
040 _aUA-OsUOA
_brus
_cUA-OsUOA
_dUA-OsUOA
245 _aАлма-Ата
_bЭкономико-географический очерк
300 _a112 с.
955 _a0
041 _arus
080 _a913(574)
260 _aМосква
_bГосударственное издательство географической литературы
_c1961
044 _aRU
650 7 _2UDC
999 _c316571
_d316571